Arch Dams (Record no. 550694)

000 -LEADER
fixed length control field 00311nam a22001217a 4500
020 ## - INTERNATIONAL STANDARD BOOK NUMBER
International Standard Book Number 9061918650
082 ## - DEWEY DECIMAL CLASSIFICATION NUMBER
Classification number 627.8
Author Mark ARC
-- L-22, P-17
100 ## - MAIN ENTRY--PERSONAL NAME
Personal name Laginha
9 (RLIN) 47432
245 ## - TITLE STATEMENT
Title Arch Dams
Statement of responsibility, etc. Laginha
260 ## - PUBLICATION, DISTRIBUTION, ETC.
Place of publication, distribution, etc. Netherlands
Name of publisher, distributor, etc. A.A. Balkema
Date of publication, distribution, etc. c1990
526 ## - STUDY PROGRAM INFORMATION NOTE
Program name 0
Interest level 0
Reading level 0
Title point value 627_800000000000000_ARC
942 ## - ADDED ENTRY ELEMENTS (KOHA)
Source of classification or shelving scheme
Koha item type Book
Holdings
Withdrawn status Lost status Source of classification or shelving scheme Damaged status Not for loan Permanent Location Current Location Date acquired Total Checkouts Full call number Barcode Date last seen Price effective from Koha item type
          Military College of Engineering (MCE) Military College of Engineering (MCE) 11/19/2014   627.8 ARC MCE-28480 11/19/2014 11/19/2014 Book
© 2023 Central Library, National University of Sciences and Technology. All Rights Reserved.